Избранное; Либава; Возвращение каторжан; В тисках произвола; Пять раз перед смертью; Вместе с буденновцами; Дело с баржей; Задание выполнил; Гибель кронштадтского полка; Бронепоезд "Спартак; Щорс; Анатолий Железняков; Первая Конная; Оптимистическая трагедия; У стен Ленинграда; Мы из Кронштадта; Мы, русский народ; Удар по врагу; У полкового знамени; Боевая Балтика; Моряки из Кронштадта; В боях за Таллин; Балтийцы обороняют Ленинград; На "охотнике"; Прорыв блокады Ленинграда; Поход к Штеттину; У Гдыни; Уличные бои в Данциге; Уличные бои в Берлине; Капитуляция Берлина; Родной флаг; Путь славы
| Päätekijä: | |
|---|---|
| Muut tekijät: | , |
| Yhteenveto: | В предлагаемый вниманию читателей сборник видного советского писателя Всеволода Витальевича Вишневского вошли ставшие всенародно известными произведения - "Первая Конная", "Мы из Кронштадта", "Оптимистическая трагедия", рассказы о незабываемых днях Октябрьской революции и гражданской войны, яркие, правдивые очерки о Балтийском флоте, о героической обороне Ленинграда в годы Великой Отечественной войны, дневниковые записи о капитуляции Берлина. |
| Kieli: | venäjä |
| Julkaistu: |
Москва, Правда, 1984
|
| TOC: | Либава; Возвращение каторжан; В тисках произвола; Пять раз перед смертью; Вместе с буденновцами; Дело с баржей; Задание выполнил; Гибель кронштадтского полка; Бронепоезд "Спартак; Щорс; Анатолий Железняков; Первая Конная; Оптимистическая трагедия; У стен Ленинграда; Мы из Кронштадта; Мы, русский народ; Удар по врагу; У полкового знамени; Боевая Балтика; Моряки из Кронштадта; В боях за Таллин; Балтийцы обороняют Ленинград; На "охотнике"; Прорыв блокады Ленинграда; Поход к Штеттину; У Гдыни; Уличные бои в Данциге; Уличные бои в Берлине; Капитуляция Берлина; Родной флаг; Путь славы; |
| Aiheet: | |
| Aineistotyyppi: | Kirja |
| KOHA link: | https://koha.lib.tpu.ru/cgi-bin/koha/opac-detail.pl?biblionumber=131021 |
MARC
| LEADER | 00000nam0a2200000 4500 | ||
|---|---|---|---|
| 001 | 131021 | ||
| 005 | 20260401164139.0 | ||
| 035 | |a (RuTPU)RU\TPU\book\141905 | ||
| 090 | |a 131021 | ||
| 100 | |a 20080212d1984 m y0rusy5003 ca | ||
| 101 | 0 | |a rus | |
| 102 | |a RU | ||
| 105 | |a a z 000ay | ||
| 200 | 1 | |a Избранное |f В. В. Вишневский |g авт. предисл. К. М. Симонов ; худож. А. К. Яцкевич | |
| 210 | |a Москва |c Правда |d 1984 | ||
| 215 | |a 606 с. |c ил. |d 21 см | ||
| 330 | |a В предлагаемый вниманию читателей сборник видного советского писателя Всеволода Витальевича Вишневского вошли ставшие всенародно известными произведения - "Первая Конная", "Мы из Кронштадта", "Оптимистическая трагедия", рассказы о незабываемых днях Октябрьской революции и гражданской войны, яркие, правдивые очерки о Балтийском флоте, о героической обороне Ленинграда в годы Великой Отечественной войны, дневниковые записи о капитуляции Берлина. | ||
| 464 | |t Либава; Возвращение каторжан; В тисках произвола; Пять раз перед смертью; Вместе с буденновцами; Дело с баржей; Задание выполнил; Гибель кронштадтского полка; Бронепоезд "Спартак; Щорс; Анатолий Железняков |o рассказы |o очерки | ||
| 464 | |t Первая Конная; Оптимистическая трагедия; У стен Ленинграда; Мы из Кронштадта; Мы, русский народ |o пьесы |o сценарии | ||
| 464 | |t Удар по врагу; У полкового знамени; Боевая Балтика; Моряки из Кронштадта; В боях за Таллин; Балтийцы обороняют Ленинград; На "охотнике"; Прорыв блокады Ленинграда; Поход к Штеттину; У Гдыни; Уличные бои в Данциге; Уличные бои в Берлине; Капитуляция Берлина; Родной флаг; Путь славы |o статьи |o дневники |o речи | ||
| 606 | |a Русская литература современная |9 50316 | ||
| 610 | 1 | |a советская литература | |
| 610 | 1 | |a рассказы | |
| 610 | 1 | |a очерки | |
| 610 | 1 | |a пьесы | |
| 610 | 1 | |a статьи | |
| 610 | 1 | |a дневники | |
| 675 | |a Р2 |v 3 | ||
| 700 | 1 | |a Вишневский |b В. В. |c русский писатель, драматург |f 1900-1951 |g Всеволод Витальевич |4 070 |9 19265 | |
| 702 | 1 | |a Симонов |b К. М. |4 080 | |
| 702 | 1 | |a Яцкевич |b А. К. |4 440 | |
| 801 | 0 | |a RU |b RuMRKP |c 19950704 |g psbo | |
| 801 | 1 | |a RU |b 63413507 |c 20080212 |g PSBO | |
| 801 | 2 | |a RU |b 63413507 |c 20200923 |g PSBO | |
| 942 | |c BK | ||